000 00719nam a2200289Ia 4500
005 20260324144314.0
008 008 260324s9999 xx 000 0 eng d
020 _a9781315722221
037 _aEBOOK
040 _aCRL
040 _beng
040 _cCRL
041 _2eng
041 _aeng
084 _qCRL
100 _aDavid Magnusson
_91218824
245 0 _aIndividual Development from an Interactional Perspective (Psychology Revivals)
245 2 _bA Longitudinal Study
260 _bTaylor and Francis
260 _c1988
365 _a
365 _b240
856 _uhttp://www.taylorfrancis.com/books/9781315722221
942 _cEBOOK
999 _c1825290
_d1825290